| 000 | 01285nam a2200253 a 4500 | ||
|---|---|---|---|
| 001 | 17775737 | ||
| 008 | 161115s2014 ||||||||||||||||| || u | ||
| 010 | _a2013023143 | ||
| 020 | _a9781452257235 | ||
| 050 | _aHD 58.8 Bur | ||
| 100 | _aBurke, W. Warner | ||
| 245 | 1 | 0 |
_aOrganization change: theory and practice. (4th edition) _cW. Warner Burke |
| 250 | _a4th edition | ||
| 260 |
_aLos Angeles _bSAGE Publications _c2014 |
||
| 300 | _axviii, 425 pages : illustration | ||
| 350 | _a84.00 | ||
| 500 | _aIncludes bibliographical references and index. | ||
| 650 | 0 | _aLEADERSHIP | |
| 650 | 0 | _aORGANIZATIONAL CHANGE | |
| 995 |
_FCBU-MAIN LIBRARY (Kitwe) _I84.00 _M5 _UAVAILABLE _WJun 4, 2019 _ZMain Library Open Access Collection |
||
| 995 |
_FCBU-MAIN LIBRARY (Kitwe) _I84.00 _M6 _UAVAILABLE _WJun 4, 2019 _ZMain Library Open Access Collection |
||
| 995 |
_D84.00 _FCBU-MAIN LIBRARY (Kitwe) _M1 _UAVAILABLE _WNov 15, 2016 _ZMain Library Open Access Collection |
||
| 995 |
_FCBU-MAIN LIBRARY (Kitwe) _I84.00 _M4 _UAVAILABLE _WJun 4, 2019 _ZMain Library Open Access Collection |
||
| 999 |
_c81659 _d81659 |
||